Costa Rica: territorio de la paz. Síntesis del pensamiento del Dr. Oscar Arias Sánchez Presidente de la República de Costa Rica

Bewaard in:
Bibliografische gegevens
Hoofdauteur: Arias Sánchez, Oscar
Formaat: Texto
Gepubliceerd in: San José: Imprenta Nacional
Tags: Voeg label toe
Geen labels, Wees de eerste die dit record labelt!

MARC

LEADER 00000 a a2200000 04500
001 22865
003
040
090 |a 156800  
100 |a Arias Sánchez, Oscar  
245 |a Costa Rica: territorio de la paz. Síntesis del pensamiento del Dr. Oscar Arias Sánchez Presidente de la República de Costa Rica  
260 |a San José:   |b Imprenta Nacional  
300 |a 35 p.  
999 |c 5757  |d 5757